Wszystkie stacje obslugiwane przez koleje śląskie - Statystyki

Ogólne statystyki
  • Ten quiz został rozwiązany 349 razy
    340 od ostatniego zresetowania
  • Średni wynik to 152 z 346
Statystyki odpowiedzi
Linie % Poprawnych
1 | 9 | 27 Katowice
96%
1 | 34 Gliwice
86%
1 | 35 Częstochowa
85%
33 Zabrze
81%
4 | 5 | 6 Tychy
80%
16 | 20 Dąbrowa Górnicza
78%
12 | 24 Sosnowiec Główny
77%
12 | 24 Zawiercie
75%
29 Chorzów Batory
73%
13 | 23 Będzin
72%
2 | 4 Bytom
72%
1 | 5 | 15 Rybnik
72%
18 Bielsko Biała Główna
71%
6 | 18 Bielsko-Biała Główna
71%
2 | 3 | 7 Katowice Ligota
71%
32 Ruda Śląska
71%
8 | 28 Myszków
69%
4 Mysłowice
67%
1 | 10 Tychy Lodowisko
67%
3 | 4 | 6 Katowice Piotrowice
66%
3 | 11 | 25 Katowice Szopienice Południowe
66%
2 | 10 | 26 Katowice Zawodzie
66%
11 | 25 Żywiec
66%
2 | 8 Katowice Brynów
65%
1 | 13 Czechowice Dziedzice
64%
5 | 13 Czechowice-Dziedzice
64%
5 | 10 Pszczyna
64%
10 Tarnowskie Góry
62%
8 | 15 Lubliniec
61%
11 Kraków Główny
60%
30 Świętochłowice
60%
39 Zwardoń
60%
14 | 22 Będzin Miasto
59%
7 | 12 Cieszyn
58%
28 Katowice Załęże
58%
1 | 28 Racibórz
57%
2 | 34 Częstochowa Raków
56%
6 Mikołów
56%
31 Ruda Chebzie
56%
11 | 17 Ustroń
56%
5 Jaworzno Szczakowa
55%
19 | 25 Wisła Głębce
55%
17 | 19 Dąbrowa Górnicza Ząbkowice
54%
6 | 11 Goczałkowice
54%
11 Oświęcim
53%
2 | 4 | 6 Żory
53%
8 Kobiór
52%
1 | 9 | 14 Skoczów
52%
5 Katowice Podlesie
51%
13 | 23 Łazy
50%
12 Goczałkowice Zdrój
49%
7 Trzebinia
49%
20 Wodzisław Śląski
49%
15 | 21 Będzin Ksawera
48%
2 Częstochowa Stradom
48%
16 | 22 Wisła Uzdrowisko
48%
17 Dąbrowa Górnicza Gołonóg
46%
19 Dąbrowa Górnicza Gołonóg
46%
9 Orzesze
46%
9 Piasek
46%
18 Dąbrowa Górnicza Pogoria
45%
2 Chorzów Miasto
44%
2 | 9 Tychy Grota Roweckiego
44%
7 Tychy Żwaków
44%
39 Zakopane
44%
6 Żarki-letnisko
44%
30 Żarki-Letnisko
44%
8 Krzeszowice
43%
7 Łaziska Górne
43%
4 | 32 Poraj
43%
19 Bielsko Biała Lipnik
42%
7 | 19 Bielsko-Biała Lipnik
42%
6 | 25 Chałupki
42%
3 Chorzów Stary
40%
11 Czerwionka
40%
11 Miasteczko Śląskie
40%
4 | 7 Tychy Zachodnie
40%
3 Korwinów
39%
33 Korwinów
39%
17 Bielsko Biała Północ
38%
17 Bielsko-Biała Północ
38%
15 | 21 Chruszczobród
38%
4 | 8 Chybie
38%
14 Czechowice Dziedzice Przystanek
38%
14 Czechowice-Dziedzice Przystanek
38%
16 | 20 Dąbrowa Górnicza Sikorka
38%
8 Imielin
38%
3 Knurów
38%
4 | 13 Leszczyny
38%
11 | 25 Zawiercie Borowe Pole
38%
3 | 10 | 16 Goleszów
37%
10 | 26 Myszków Mrzygłód
37%
16 Rybnik Towarowy
37%
36 Sól
37%
2 | 7 Zabrzeg
37%
5 Bytom Karb
36%
5 Mikołów Jamna
36%
3 | 8 Tychy Aleja Bielska
36%
14 | 20 Ustroń Polana
36%
29 Węgierska Górka
36%
15 Czechowice Dziedzice Południowe
35%
15 Czechowice-Dziedzice Południowe
35%
6 Jaworzno Ciężkowice
35%
31 Milówka
35%
8 Radzionków
35%
4 Blachownia
34%
9 Kraków Bronowice
34%
5 | 31 Masłońskie Natalin
34%
7 | 29 Myszków Nowa Wieś
34%
10 Orzesze Jaśkowice
34%
14 | 22 Wiesiółka
34%
16 Bielsko Biała Komorowice
33%
16 Bielsko-Biała Komorowice
33%
9 | 27 Myszków Światowit
33%
33 Rajcza
33%
9 Chełm Śląski
32%
10 Chybie Mnich
32%
10 Kraków Łobzów
32%
12 | 18 Ustroń Zdrój
32%
7 Zebrzydowice
32%
10 Łodygowice
31%
26 Nędza
31%
38 Poronin
31%
19 Rydułtowy
31%
37 Sól Kiczora
31%
12 Kalety
30%
36 Nowy Targ
30%
29 Sucha Beskidzka
30%
3 | 8 Zabrzeg Czarnolesie
30%
38 Laliki
29%
9 | 22 Wilkowice Bystra
29%
20 Bielsko Biała Leszczyny
28%
8 | 20 Bielsko-Biała Leszczyny
28%
5 Herby Stare
28%
8 Łaziska Górne Brada
28%
7 Mysłowice Kosztowy
28%
10 Nowy Bieruń
28%
6 Cieszyn Uniwersytet
27%
5 Mysłowice Brzęczkowice
27%
9 Nakło Śląskie
27%
14 Rybnik Paruszowiec
27%
17 | 23 Wisła Dziechcinka
27%
26 Radziechowy Wieprz
26%
7 Radzionków Rojca
26%
18 | 24 Wisła Kopydło
26%
21 Bielsko Biała Mikuszowice
25%
21 Bielsko-Biała Mikuszowice
25%
24 Pietrzykowice Żywieckie
25%
34 Rajcza Centrum
25%
3 | 7 Strumień
25%
32 Milówka Zabawa
24%
6 Mysłowice Brzezinka
24%
12 Czerwionka Dębieńsko
23%
23 Łodygowice Górne
23%
25 Nędza Wieś
23%
15 | 21 Wisła Jawornik
23%
6 Bytom Północny
22%
26 Jeleśnia
22%
7 Kochanowice
22%
13 Koszęcin
22%
13 Skoczów Bajerki
22%
22 Sumina
22%
19 Wodzisław Śląski Radlin
22%
34 Chabówka
21%
27 Racibórz Markowice
21%
7 Suszec
21%
30 Cisiec
20%
30 Maków Podhalański
20%
12 Pierściec
20%
17 Rybnik Niedobczyce
20%
18 Rybnik Niewiadom
20%
35 Rycerka
20%
2 | 15 Skoczów Bładnice
20%
11 Cieszyn Marklowice
19%
3 Częstochowa Gnaszyn
19%
18 Radlin Obszary
19%
17 Rybnik Rymer
19%
11 Zaborze
19%
28 Cięcina
18%
27 Cięcina Dolna
18%
6 Lisów
18%
2 Rybnik Piaski
18%
21 Sumina Wieś
18%
13 | 19 Ustroń Brzegi
18%
37 Biały Dunajec
17%
2 Przyszowice
17%
4 Goleszów Górny
16%
5 | 24 Rudyszwałd
16%
14 Rusinowice
16%
33 Jordanów
15%
3 Krzyżanowice
14%
20 Łuków Śląski
14%
23 Olza
14%
9 Pszczyna Czarków
14%
23 Górki Śląskie
13%
9 Kaczyce
13%
6 Suszec Kopalnia
13%
2 Tworków
13%
5 Bażanowice
12%
22 Bełsznica
12%
8 Kończyce
12%
6 Pruchna
12%
5 Suszec Rudziczka
12%
3 Szczejkowice
12%
24 Szymocice
12%
5 Drogomyśl
11%
10 Pogwizdów
10%
8 Radostowice
10%
21 Czyżowice
9%
27 Hucisko
9%
28 Lachowice Centrum
9%
4 Roszków Raciborski
8%
35 Pyzówka
7%
31 Kojszówka
6%
32 Osielec
6%
Nie znaleziono quizów pasujących do podanych kryteriów
Rozkład punktacji
Procent ludzi z każdym wynikiem
Percentyl według liczby udzielonych odpowiedzi
Twoja historia wyników
Nie rozwiązałeś tego quizu od ostatniego zresetowania